[Event "IND-ch U25 Girls 5th"]
[Site "Bhubaneswar"]
[Date "2015.12.13"]
[Round "6"]
[White "Laasya Priya, P."]
[Black "Aparajita, Gochhikar"]
[Result "0-1"]
[WhiteElo "1251"]
[BlackElo "1769"]
[PlyCount "118"]
[EventDate "2015.12.10"]
[EventType "swiss"]
[EventRounds "8"]
[EventCountry "IND"]
[SourceTitle "CBM 169 Extra"]
[Source "ChessBase"]
[SourceDate "2015.12.18"]
[SourceVersion "1"]
[SourceVersionDate "2015.12.18"]
[SourceQuality "1"]

1. e4 d6 2. d4 Nf6 3. Nc3 g6 4. f4 Bg7 5. Nf3 c5 6. Bb5+ Bd7 7. Bxd7+ Nfxd7 8. d5 0-0 9. 0-0 a6 10. Be3 b5 11. Qc1 b4 12. Ne2 Nb6 13. Rb1 Nc4 14. Bf2 Qa5 15. a3 bxa3 16. bxa3 Qxa3 17. Qd1 Ne3 18. Bxe3 Qxe3+ 19. Kh1 Qxe4 20. Ng5 Qa4 21. Rb3 h6 22. Nh3 Nd7 23. Qd2 Rab8 24. Rfb1 Rxb3 25. Rxb3 Qa1+ 26. Neg1 Rb8 27. Qd3 Rxb3 28. Qxb3 Qb2 29. Qa4 Qb5 30. Qa2 Nb6 31. Nf3 Qb2 32. Qxa6 Qa1+ 33. Qxa1 Bxa1 34. Kg1 Nxd5 35. Kf2 Kg7 36. Ke2 f5 37. g3 e5 38. Nd2 Kf6 39. Nc4 Ke6 40. Kd2 Bc3+ 41. Ke2 e4 42. Nf2 Nb4 43. Na3 Bb2 44. Nc4 Bd4 45. Na3 Bxf2 46. Kxf2 d5 47. Ke2 d4 48. Kd2 e3+ 49. Ke2 Kd5 50. h3 Ke4 51. h4 Nxc2 52. Nxc2 d3+ 53. Kd1 e2+ 54. Kd2 dxc2 55. Kxc2 e1Q 56. Kb3 Kd3 57. Ka3 Qb4+ 58. Ka2 Kc2 59. Ka1 Qa3# 0-1

[Event "IND-ch U25 Girls 5th"]
[Site "Bhubaneswar"]
[Date "2015.12.10"]
[Round "1"]
[White "Bala, Kannamma P"]
[Black "Laasya Priya, P."]
[Result "1-0"]
[WhiteElo "2001"]
[BlackElo "1251"]
[PlyCount "83"]
[EventDate "2015.12.10"]
[EventType "swiss"]
[EventRounds "8"]
[EventCountry "IND"]
[SourceTitle "CBM 169 Extra"]
[Source "ChessBase"]
[SourceDate "2015.12.18"]
[SourceVersion "1"]
[SourceVersionDate "2015.12.18"]
[SourceQuality "1"]

1. e4 c5 2. Nf3 d6 3. d4 cxd4 4. Nxd4 Nf6 5. Nc3 g6 6. Be3 Bg7 7. f3 0-0 8. Bc4 Bd7 9. Qd2 Nc6 10. Bb3 Rc8 11. 0-0-0 Nxd4 12. Bxd4 a6 13. Kb1 Qa5 14. Nd5 Qxd2 15. Nxe7+ Kh8 16. Rxd2 Rce8 17. Nd5 Nxd5 18. Bxd5 b5 19. Bxg7+ Kxg7 20. Bb3 Re7 21. Rxd6 a5 22. Rhd1 Be8 23. a3 h5 24. Bd5 f6 25. Bc6 a4 26. Bxe8 Rfxe8 27. Rb6 Re5 28. Rd7+ R8e7 29. Rxe7+ Rxe7 30. Rxb5 Ra7 31. c4 Kf7 32. Kc2 Ke7 33. Kc3 Kd7 34. Rb6 Ke7 35. c5 g5 36. Kc4 h4 37. e5 fxe5 38. Rg6 Rb7 39. Rg7+ Ke6 40. Rxb7 Kf5 41. c6 Kf4 42. c7 1-0